Highlights of astronomy (Record no. 7477)
[ view plain ]
| 000 -LEADER | |
|---|---|
| fixed length control field | 00930nam a2200241Ia 4500 |
| 003 - CONTROL NUMBER IDENTIFIER | |
| control field | IN-BaIIA |
| 008 - FIXED-LENGTH DATA ELEMENTS--GENERAL INFORMATION | |
| fixed length control field | 211028s9999 xx 000 0 eng d |
| 020 ## - INTERNATIONAL STANDARD BOOK NUMBER | |
| International Standard Book Number | 90-277-1159-3 |
| 040 ## - CATALOGING SOURCE | |
| Transcribing agency | IIA Library |
| 080 ## - UNIVERSAL DECIMAL CLASSIFICATION NUMBER | |
| Universal Decimal Classification number | 063:52 |
| Item number | IAU-T17B |
| 111 ## - MAIN ENTRY--MEETING NAME | |
| Meeting name or jurisdiction name as entry element | International Astronomical Union General Assembly |
| Number of part/section/meeting | 17th |
| Location of meeting | Canada |
| Date of meeting or treaty signing | 1979 Aug. 14 - 23 |
| 9 (RLIN) | 12743 |
| 245 #0 - TITLE STATEMENT | |
| Title | Highlights of astronomy |
| Remainder of title | proceedings of the 17th General Assembly Montreal, Canada, August 14 - 23, 1979 |
| Statement of responsibility, etc. | edited by Patrick A. Wayman |
| 260 ## - PUBLICATION, DISTRIBUTION, ETC. | |
| Place of publication, distribution, etc. | Dordrecht |
| Name of publisher, distributor, etc. | D. Reidel Publishing |
| Date of publication, distribution, etc. | 1980 |
| 300 ## - PHYSICAL DESCRIPTION | |
| Extent | x, 527p. |
| 490 ## - SERIES STATEMENT | |
| Series statement | Transactions of the International Astronomical Union; v. X |
| 500 ## - GENERAL NOTE | |
| General note | Donated by Mrs. Bappu |
| 650 ## - SUBJECT ADDED ENTRY--TOPICAL TERM | |
| Topical term or geographic name entry element | Astronomy |
| 9 (RLIN) | 80 |
| 650 ## - SUBJECT ADDED ENTRY--TOPICAL TERM | |
| Topical term or geographic name entry element | Astronomy and Astrophysics Thesaurus |
| 650 ## - SUBJECT ADDED ENTRY--TOPICAL TERM | |
| Topical term or geographic name entry element | IAU General Assembly |
| 650 ## - SUBJECT ADDED ENTRY--TOPICAL TERM | |
| Topical term or geographic name entry element | IAU Transactions |
| 9 (RLIN) | 5483 |
| 700 ## - ADDED ENTRY--PERSONAL NAME | |
| Personal name | Wayman, Patrick A., ed. |
| 9 (RLIN) | 11717 |
| 942 ## - ADDED ENTRY ELEMENTS (KOHA) | |
| Koha item type | Books |
| Withdrawn status | Lost status | Damaged status | Not for loan | Home library | Current library | Shelving location | Date acquired | Total Checkouts | Full call number | Barcode | Date last seen | Price effective from | Koha item type |
|---|---|---|---|---|---|---|---|---|---|---|---|---|---|
| IIA Library-Bangalore | IIA Library-Bangalore | General Stacks | 13/07/1983 | 063:52/ IAU-T17B | 8289 | 05/11/2021 | 13/07/1983 | Books |